[Event "CZE-ch U16"]
[Site "Kouty nad Desnou"]
[Date "2017.03.15"]
[Round "6"]
[White "Otruba, Marek"]
[Black "Jurasek, Vojtech"]
[Result "1-0"]
[WhiteElo "2005"]
[BlackElo "1947"]
[PlyCount "71"]
[EventDate "2017.03.11"]
[EventType "swiss"]
[EventRounds "9"]
[EventCountry "CZE"]
[SourceTitle "CBM 177 Extra"]
[Source "ChessBase"]
[SourceDate "2017.04.27"]
[SourceVersion "1"]
[SourceVersionDate "2017.04.27"]
[SourceQuality "1"]

1. d4 Nf6 2. c4 c5 3. d5 e6 4. Nc3 exd5 5. cxd5 d6 6. Nf3 g6 7. Nd2 Bg7 8. Nc4 0-0 9. Bf4 Ne8 10. Qd2 a6 11. a4 Qe7 12. Nb6 Nc7 13. Nxa8 Nxa8 14. e3 g5 15. Bg3 h5 16. h4 g4 17. Bd3 Nd7 18. 0-0 Ne5 19. Bxe5 Bxe5 20. g3 f5 21. Ne2 Nb6 22. Nf4 Qg7 23. Ra2 Qf7 24. Rd1 Bxf4 25. exf4 Qxd5 26. b3 Qf7 27. a5 Be6 28. axb6 Bxb3 29. Rc2 Kh7 30. Rcc1 Bxd1 31. Rxd1 Rd8 32. Bc2 d5 33. Qd3 Kg6 34. Bb3 Qf6 35. Bxd5 Qxb6 36. Bf7+ 1-0

[Event "CZE-ch U16"]
[Site "Kouty nad Desnou"]
[Date "2017.03.11"]
[Round "1"]
[White "Mladek, Richard"]
[Black "Jurasek, Vojtech"]
[Result "1-0"]
[WhiteElo "2110"]
[BlackElo "1947"]
[PlyCount "63"]
[EventDate "2017.03.11"]
[EventType "swiss"]
[EventRounds "9"]
[EventCountry "CZE"]
[SourceTitle "CBM 177 Extra"]
[Source "ChessBase"]
[SourceDate "2017.04.27"]
[SourceVersion "1"]
[SourceVersionDate "2017.04.27"]
[SourceQuality "1"]

1. e4 c5 2. Nf3 e6 3. d4 cxd4 4. Nxd4 a6 5. Nc3 Qc7 6. Bd3 b5 7. Qe2 d6 8. 0-0 Bb7 9. Bd2 Nd7 10. Nb3 Ngf6 11. f4 Be7 12. a3 0-0 13. Kh1 e5 14. Rac1 Nb6 15. Na5 Bc8 16. f5 Bd7 17. g4 Be8 18. g5 Nfd7 19. f6 Bd8 20. Qh5 Nc5 21. Rf3 Bd7 22. Be2 Be6 23. Rg1 Nca4 24. fxg7 Re8 25. g6 fxg6 26. Rxg6 Bf7 27. Qh6 Nxc3 28. Bxc3 d5 29. Rc6 Qa7 30. Rh3 Bg6 31. Rxg6 hxg6 32. Qh7+ 1-0

[Event "CZE-chT U18 Extraliga Ost 1617"]
[Site "Czech Republic"]
[Date "2016.12.03"]
[Round "5.2"]
[White "Jurasek, Vojtech"]
[Black "Svanda, Ondrej"]
[Result "0-1"]
[WhiteElo "1891"]
[BlackElo "2007"]
[PlyCount "68"]
[EventDate "2016.10.01"]
[EventType "team-tourn"]
[EventRounds "11"]
[EventCountry "CZE"]
[SourceTitle "EXT 2022"]
[Source "ChessBase"]
[SourceDate "2021.10.06"]
[SourceVersion "1"]
[SourceVersionDate "2021.10.06"]
[SourceQuality "1"]
[WhiteTeam "Brno Lokomotiva U18"]
[BlackTeam "Policka Stefanydes U18"]
[WhiteTeamCountry "CZE"]
[BlackTeamCountry "CZE"]

1. c4 c5 2. e3 g6 3. Qc2 Bg7 4. d3 Nc6 5. a3 d6 6. Nd2 e5 7. Rb1 a5 8. b3 Nge7 9. Bb2 0-0 10. Ngf3 h6 11. Be2 Be6 12. 0-0 Qc7 13. Rfc1 b6 14. Bc3 d5 15. cxd5 Nxd5 16. Bb2 Rac8 17. e4 Nf4 18. Bf1 Rfd8 19. Rd1 Qb8 20. Bc3 Nb4 21. axb4 cxb4 22. Bxe5 Bxe5 23. Nc4 Bg7 24. Qa2 Bg4 25. Qd2 Bxf3 26. gxf3 Bd4 27. Rbc1 Rc5 28. Ne3 Bc3 29. Qa2 Rh5 30. Ng4 f5 31. exf5 gxf5 32. Rxc3 fxg4 33. fxg4 Ne2+ 34. Qxe2 Qxh2# 0-1

[Event "EU-ch U16 26th"]
[Site "Prague"]
[Date "2016.08.22"]
[Round "5"]
[White "Haring, Viktor"]
[Black "Jurasek, Vojtech"]
[Result "1-0"]
[WhiteElo "2105"]
[BlackElo "1859"]
[PlyCount "63"]
[EventDate "2016.08.18"]
[EventType "swiss"]
[EventRounds "9"]
[EventCountry "CZE"]
[SourceTitle "CBM 174 Extra"]
[Source "ChessBase"]
[SourceDate "2016.10.10"]
[SourceVersion "1"]
[SourceVersionDate "2016.10.10"]
[SourceQuality "1"]

1. e4 c5 2. Nf3 e6 3. d4 cxd4 4. Nxd4 a6 5. Nc3 Qc7 6. Bd3 Nf6 7. f4 d6 8. Qf3 Be7 9. Be3 Nbd7 10. g4 Nc5 11. g5 Nfd7 12. Rc1 b5 13. b4 Nb7 14. Nb1 Nb6 15. 0-0 0-0 16. a4 Nxa4 17. c4 bxc4 18. Rxc4 Qd7 19. Rfc1 Bd8 20. Qg2 Bb6 21. e5 dxe5 22. fxe5 a5 23. Be4 axb4 24. Bc6 Qc7 25. Bxa4 Qxe5 26. Bf2 Nd6 27. Rxb4 Bc5 28. Nc6 Bb7 29. Rxc5 Qa1 30. Bd4 Rxa4 31. Bxa1 Rxb4 32. Nd2 1-0

[Event "EU-ch U16 26th"]
[Site "Prague"]
[Date "2016.08.19"]
[Round "2"]
[White "Jurasek, Vojtech"]
[Black "Marosi, Levente"]
[Result "1/2-1/2"]
[WhiteElo "1859"]
[BlackElo "2274"]
[PlyCount "109"]
[EventDate "2016.08.18"]
[EventType "swiss"]
[EventRounds "9"]
[EventCountry "CZE"]
[SourceTitle "CBM 174 Extra"]
[Source "ChessBase"]
[SourceDate "2016.10.10"]
[SourceVersion "1"]
[SourceVersionDate "2016.10.10"]
[SourceQuality "1"]

1. d4 Nf6 2. c4 e6 3. a3 b6 4. Nf3 c5 5. d5 exd5 6. cxd5 g6 7. Nc3 Bg7 8. e4 0-0 9. Bd3 d6 10. Qc2 Ba6 11. Nd2 Bxd3 12. Qxd3 a6 13. a4 Nbd7 14. Nc4 Ne8 15. Bf4 Ne5 16. Bxe5 Bxe5 17. Nxe5 dxe5 18. 0-0 Nd6 19. b3 Rc8 20. Qe2 Rb8 21. h3 Re8 22. Rfb1 Qc8 23. f3 Ra8 24. Ra2 Qc7 25. Rba1 Rec8 26. Kh1 h5 27. h4 Kg7 28. g3 Qe7 29. Qe3 Nb7 30. Nb1 Nd6 31. Nc3 Rab8 32. Qe2 Qb7 33. Rb1 Kh7 34. Rba1 Rg8 35. Rg1 Ra8 36. Rga1 Qe7 37. Rg1 Rgc8 38. Rga1 Rc7 39. Rb1 Qd7 40. Rc1 Qc8 41. Rcc2 Kg7 42. Kg2 Rb8 43. Kh2 Qb7 44. Rc1 b5 45. a5 Qc8 46. Kg2 Qb7 47. Kh2 Rbc8 48. Rac2 b4 49. Na4 c4 50. bxc4 b3 51. Rc3 Qb4 52. Nb2 Nb5 53. Rd3 Qxa5 54. d6 Rd7 55. c5 1/2-1/2

[Event "CZE-chT U18 Extraliga final-B 1516"]
[Site "Czech Republic"]
[Date "2016.04.23"]
[Round "10.3"]
[White "Jurasek, Vojtech"]
[Black "Novotny, David"]
[Result "0-1"]
[WhiteElo "1681"]
[BlackElo "1720"]
[PlyCount "62"]
[EventDate "2015.10.03"]
[EventType "team-tourn"]
[EventRounds "11"]
[EventCountry "CZE"]
[SourceTitle "EXT 2022"]
[Source "ChessBase"]
[SourceDate "2021.10.06"]
[SourceVersion "1"]
[SourceVersionDate "2021.10.06"]
[SourceQuality "1"]
[WhiteTeam "Brno Lokomotiva U18"]
[BlackTeam "Praha Kobylisy U18"]
[WhiteTeamCountry "CZE"]
[BlackTeamCountry "CZE"]

1. d4 d5 2. c4 e6 3. Nc3 Nf6 4. Bg5 Be7 5. e3 0-0 6. Nf3 h6 7. Bh4 b6 8. cxd5 Nxd5 9. Bxe7 Qxe7 10. Nxd5 exd5 11. Be2 Be6 12. 0-0 c5 13. dxc5 bxc5 14. Qc2 Nd7 15. Rfc1 Rfb8 16. Bd3 c4 17. Be2 Qb4 18. Rcb1 Rb6 19. Nd4 Nc5 20. b3 Rab8 21. a3 cxb3 22. Nxb3 Qa4 23. Qxc5 Rxb3 24. Rxb3 Qxb3 25. Qxa7 Qb2 26. Re1 Rb3 27. a4 Qxe2 28. Rf1 Bg4 29. Rc1 Qc2 30. Rf1 Rb1 31. f3 Rb2 0-1

[Event "CZE-chT U18 Extraliga Ost 1516"]
[Site "Czech Republic"]
[Date "2015.11.27"]
[Round "5.3"]
[White "Jurasek, Vojtech"]
[Black "Koukal, Ondrej"]
[Result "1-0"]
[WhiteElo "1681"]
[BlackElo "1540"]
[PlyCount "71"]
[EventDate "2015.10.03"]
[EventType "team-tourn"]
[EventRounds "11"]
[EventCountry "CZE"]
[SourceTitle "EXT 2022"]
[Source "ChessBase"]
[SourceDate "2021.10.06"]
[SourceVersion "1"]
[SourceVersionDate "2021.10.06"]
[SourceQuality "1"]
[WhiteTeam "Brno Lokomotiva U18"]
[BlackTeam "Brno Duras U18"]
[WhiteTeamCountry "CZE"]
[BlackTeamCountry "CZE"]

1. d4 d6 2. Nf3 g6 3. c4 Bg7 4. Nc3 Nf6 5. Bg5 Nbd7 6. e3 0-0 7. Be2 c6 8. 0-0 Qe8 9. Rc1 e5 10. b4 h6 11. Bh4 Kh7 12. Nd2 Ng8 13. Nb3 f5 14. f3 b6 15. a4 a6 16. a5 b5 17. d5 bxc4 18. Bxc4 c5 19. bxc5 dxc5 20. Na4 g5 21. Bf2 Qd8 22. e4 fxe4 23. fxe4 Rb8 24. Naxc5 Nxc5 25. Bxc5 Rxf1+ 26. Qxf1 Nf6 27. Bb6 Qd6 28. Kh1 Ra8 29. Nc5 Kh8 30. Nxa6 Bxa6 31. Bxa6 Nxe4 32. Rc6 Qxd5 33. Bb7 Rf8 34. Qxf8+ Bxf8 35. Rxh6+ Bxh6 36. Bxd5 1-0

[Event "CZE-chT U18 Extraliga Ost 1516"]
[Site "Czech Republic"]
[Date "2015.10.04"]
[Round "4.3"]
[White "Horvath, Tomas"]
[Black "Jurasek, Vojtech"]
[Result "1-0"]
[WhiteElo "1932"]
[BlackElo "1681"]
[PlyCount "85"]
[EventDate "2015.10.03"]
[EventType "team-tourn"]
[EventRounds "11"]
[EventCountry "CZE"]
[SourceTitle "EXT 2022"]
[Source "ChessBase"]
[SourceDate "2021.10.06"]
[SourceVersion "1"]
[SourceVersionDate "2021.10.06"]
[SourceQuality "1"]
[WhiteTeam "Orlova Slavia U18"]
[BlackTeam "Brno Lokomotiva U18"]
[WhiteTeamCountry "CZE"]
[BlackTeamCountry "CZE"]

1. e4 c5 2. Nc3 e6 3. f4 a6 4. Nf3 b5 5. g3 Bb7 6. d3 Qc7 7. Bg2 d6 8. 0-0 Nd7 9. f5 e5 10. Be3 Ne7 11. Ng5 Nc8 12. Nd5 Bxd5 13. exd5 h6 14. Ne6 Qa7 15. b4 fxe6 16. Qh5+ Kd8 17. dxe6 Nf6 18. Qe2 Rb8 19. a4 bxa4 20. Rxa4 Nb6 21. Ra5 Nbd5 22. bxc5 Rb5 23. Rxb5 axb5 24. Bf2 dxc5 25. Qxe5 Qc7 26. Qa1 Qb8 27. c4 Nb4 28. Qa5+ Ke8 29. cxb5 Bd6 30. b6 Nfd5 31. Bxc5 Ke7 32. Bxd6+ Kxd6 33. Bxd5 Nxd5 34. Rb1 Rc8 35. d4 Rc4 36. Qa3+ Kc6 37. b7 Nb6 38. Qa6 Qxb7 39. Rxb6+ Qxb6 40. Qxc4+ Kb7 41. Qd5+ Kb8 42. Qe5+ Ka8 43. e7 1-0

[Event "CZE-chT U20 Extraliga final-A 1415"]
[Site "Czech Republic"]
[Date "2015.04.25"]
[Round "10.5"]
[White "Filip, Vojtech"]
[Black "Jurasek, Vojtech"]
[Result "1-0"]
[WhiteElo "1950"]
[BlackElo "1627"]
[PlyCount "51"]
[EventDate "2014.10.11"]
[EventType "team-tourn"]
[EventRounds "11"]
[EventCountry "CZE"]
[SourceTitle "EXT 2021"]
[Source "ChessBase"]
[SourceDate "2020.10.23"]
[SourceVersion "1"]
[SourceVersionDate "2020.10.23"]
[SourceQuality "1"]
[WhiteTeam "Vlasim (U20)"]
[BlackTeam "Brno Lokomotiva (U20)"]
[WhiteTeamCountry "CZE"]
[BlackTeamCountry "CZE"]

1. d4 Nf6 2. Nf3 c5 3. e3 g6 4. b3 cxd4 5. exd4 Bg7 6. Bb2 0-0 7. Bd3 d5 8. 0-0 e6 9. Nbd2 Nbd7 10. c4 b6 11. Rc1 Ba6 12. Ne5 Nxe5 13. dxe5 Nd7 14. f4 Nc5 15. Bb1 Rc8 16. b4 Nd7 17. Qb3 Re8 18. Rfd1 Bb7 19. a3 Bh6 20. Qe3 Qh4 21. g3 Qe7 22. cxd5 Bxd5 23. Be4 Bxe4 24. Nxe4 Red8 25. Rxc8 Rxc8 26. Rxd7 1-0

[Event "CZE-ch U14"]
[Site "Kouty nad Desnou"]
[Date "2014.03.15"]
[Round "9"]
[White "Steinbauer, Filip"]
[Black "Jurasek, Vojtech"]
[Result "0-1"]
[WhiteElo "1637"]
[BlackElo "1498"]
[PlyCount "100"]
[EventDate "2014.03.08"]
[EventType "swiss"]
[EventRounds "9"]
[EventCountry "CZE"]
[SourceTitle "EXT 2015"]
[Source "ChessBase"]
[SourceDate "2014.11.20"]
[SourceVersion "1"]
[SourceVersionDate "2014.11.20"]
[SourceQuality "1"]

1. e4 c5 2. Nf3 e6 3. d4 cxd4 4. Nxd4 a6 5. Bd3 Qc7 6. f4 Nc6 7. Nxc6 bxc6 8. Be3 d5 9. c4 Nf6 10. Nd2 Be7 11. 0-0 e5 12. f5 d4 13. Bf2 Nd7 14. Nb3 a5 15. a4 Nc5 16. Nxc5 Bxc5 17. g4 f6 18. h4 h6 19. Be1 Rb8 20. Rb1 Qa7 21. Qd2 Bb4 22. Qc2 Bxe1 23. Rfxe1 c5 24. b3 Rb4 25. Rb2 Bd7 26. Reb1 Ke7 27. Qg2 Qb8 28. Kf2 Bxa4 29. g5 hxg5 30. hxg5 Rg8 31. Rg1 Rf8 32. Be2 Rxb3 33. Rxb3 Qxb3 34. gxf6+ gxf6 35. Qg7+ Rf7 36. Qg8 Qe3+ 37. Kf1 Qf4+ 38. Ke1 Qxe4 39. Rg7 Be8 40. Rxf7+ Bxf7 41. Qc8 Qb1+ 42. Bd1 Qb4+ 43. Kf2 Bxc4 44. Qc7+ Kf8 45. Qc8+ Kg7 46. Qd7+ Bf7 47. Qc6 Qd2+ 48. Be2 d3 49. Qg2+ Kf8 50. Qa8+ Be8 0-1

[Event "CZE-chTE U20 1314"]
[Site "Czech Republic"]
[Date "2014.01.25"]
[Round "7.3"]
[White "Jurasek, Vojtech"]
[Black "Sramek, Ondrej"]
[Result "0-1"]
[WhiteElo "1479"]
[BlackElo "1771"]
[PlyCount "56"]
[EventDate "2013.10.12"]
[EventType "team-tourn"]
[EventRounds "11"]
[EventCountry "CZE"]
[SourceTitle "EXT 2015"]
[Source "ChessBase"]
[SourceDate "2014.11.20"]
[SourceVersion "1"]
[SourceVersionDate "2014.11.20"]
[SourceQuality "1"]
[WhiteTeam "Brno Lokomotiva (U20)"]
[BlackTeam "Orlova Slavia (U20) II"]
[WhiteTeamCountry "CZE"]
[BlackTeamCountry "CZE"]

1. d4 Nf6 2. c4 c5 3. d5 b5 4. Qc2 d6 5. e4 g6 6. cxb5 a6 7. bxa6 Nxa6 8. a3 Nb4 9. Bb5+ Bd7 10. Bxd7+ Qxd7 11. Qe2 Qa4 12. Nc3 Qb3 13. Rb1 Nc2+ 14. Kf1 Nd4 15. Qd3 Ng4 16. f4 Bg7 17. h3 Nf6 18. Be3 Nc2 19. Kf2 Nxe4+ 20. Qxe4 Bxc3 21. Ne2 Bg7 22. Rhc1 Nxe3 23. Qxe3 Qxd5 24. b4 cxb4 25. axb4 0-0 26. Qxe7 Rfe8 27. Qh4 Rxe2+ 28. Kxe2 Ra2+ 0-1

[Event "CZE-chTE U20 1314"]
[Site "Czech Republic"]
[Date "2014.01.25"]
[Round "6.3"]
[White "Kostka, Vit"]
[Black "Jurasek, Vojtech"]
[Result "1-0"]
[WhiteElo "1844"]
[BlackElo "1479"]
[PlyCount "61"]
[EventDate "2013.10.12"]
[EventType "team-tourn"]
[EventRounds "11"]
[EventCountry "CZE"]
[SourceTitle "EXT 2015"]
[Source "ChessBase"]
[SourceDate "2014.11.20"]
[SourceVersion "1"]
[SourceVersionDate "2014.11.20"]
[SourceQuality "1"]
[WhiteTeam "Orlova Slavia (U20)"]
[BlackTeam "Brno Lokomotiva (U20)"]
[WhiteTeamCountry "CZE"]
[BlackTeamCountry "CZE"]

1. e4 c5 2. Nf3 e6 3. d4 cxd4 4. Nxd4 a6 5. c4 Qc7 6. Nc3 Nf6 7. Be2 d6 8. Be3 Nbd7 9. 0-0 b6 10. Rc1 Bb7 11. f3 Be7 12. Qd2 0-0 13. Rfd1 Rfd8 14. b3 Rac8 15. Bf1 Nc5 16. Qf2 Rb8 17. b4 Ncd7 18. Nd5 exd5 19. cxd5 Nc5 20. bxc5 bxc5 21. Nf5 Bf8 22. Bg5 Bc8 23. Nh6+ Kh8 24. Qh4 Qe7 25. e5 dxe5 26. d6 Qe8 27. Bxf6 Rxd6 28. Rxd6 Bxd6 29. Bd3 Bf8 30. Nxf7+ Qxf7 31. Qxh7# 1-0

[Event "CZE-ch U10"]
[Site "Kouty nad Desnou"]
[Date "2011.03.13"]
[Round "2"]
[White "Nguyen, Thai Dai Van"]
[Black "Jurasek, Vojtech"]
[Result "1-0"]
[WhiteElo "1753"]
[BlackElo "1314"]
[PlyCount "107"]
[EventDate "2011.03.12"]
[EventType "swiss"]
[EventRounds "9"]
[EventCountry "CZE"]
[SourceTitle "EXT 2014"]
[Source "ChessBase"]
[SourceDate "2013.11.20"]
[SourceVersion "1"]
[SourceVersionDate "2013.11.20"]
[SourceQuality "1"]

1. d4 d5 2. c4 e6 3. Nf3 Nf6 4. g3 b6 5. Bg2 Bb7 6. 0-0 Be7 7. Nc3 0-0 8. Qc2 Nc6 9. a3 Na5 10. cxd5 exd5 11. Rd1 Nc4 12. Ne5 Nd6 13. Bg5 c6 14. Rac1 Nd7 15. Bxe7 Qxe7 16. Nd3 Rfe8 17. e3 Rac8 18. b3 Nf6 19. h3 Nde4 20. Qb2 Nxc3 21. Rxc3 Ne4 22. Rc2 Ba6 23. Rcc1 Bxd3 24. Rxd3 Rc7 25. Bxe4 Qxe4 26. Rdc3 Re6 27. Qd2 Rh6 28. Qd3 Qxd3 29. Rxd3 Rxh3 30. Rdc3 Rh6 31. b4 a6 32. a4 b5 33. axb5 axb5 34. Rc5 Rd6 35. Rxb5 g5 36. Rbc5 h5 37. b5 Rb7 38. Rxc6 Rxc6 39. bxc6 Rc7 40. Rc5 f6 41. f4 gxf4 42. gxf4 h4 43. Kg2 Kf7 44. Kh3 Ke6 45. Kxh4 Kf5 46. Kg3 Ke6 47. Kf3 Kd6 48. f5 Rxc6 49. Rxc6+ Kxc6 50. Kg4 Kb5 51. Kh5 Kc4 52. Kg6 Kd3 53. Kxf6 Kxe3 54. Ke5 1-0

[Event "CZE-ch U10"]
[Site "Kouty nad Desnou"]
[Date "2010.03.12"]
[Round "8"]
[White "Havelka, Ondrej"]
[Black "Jurasek, Vojtech"]
[Result "0-1"]
[WhiteElo "1594"]
[BlackElo "1000"]
[PlyCount "154"]
[EventDate "2010.03.06"]
[EventType "swiss"]
[EventRounds "9"]
[EventCountry "CZE"]
[SourceTitle "EXT 2012"]
[Source "ChessBase"]
[SourceDate "2011.11.24"]
[SourceVersion "1"]
[SourceVersionDate "2011.11.24"]
[SourceQuality "1"]

1. e4 c5 2. Nf3 Nc6 3. d4 cxd4 4. Nxd4 e6 5. Nc3 Bb4 6. Ndb5 Bxc3+ 7. Nxc3 Nf6 8. Bg5 e5 9. Qd2 h6 10. Bh4 Nxe4 11. Nxe4 Qxh4 12. Nd6+ Kf8 13. 0-0-0 Qd4 14. Bc4 Qxd2+ 15. Rxd2 Nd8 16. Re1 f6 17. f4 Nc6 18. c3 g5 19. fxe5 Nxe5 20. Bb3 Kg7 21. Rf1 Rf8 22. Bd5 Rb8 23. Kc2 b6 24. h3 h5 25. Rdf2 Kg6 26. Be4+ Kg7 27. Rxf6 Ba6 28. Rxf8 Rxf8 29. Rxf8 Kxf8 30. b3 g4 31. h4 Nf7 32. Nf5 Bf1 33. Ne3 Bb5 34. Bg6 Nd6 35. c4 Bc6 36. Bxh5 g3 37. Nd5 Bxd5 38. cxd5 Nf5 39. Bg4 Nxh4 40. Kd2 Nxg2 41. Ke2 Nf4+ 42. Kf3 g2 43. Kf2 Nxd5 44. Bxd7 Ke7 45. Bc6 Nf4 46. Bb5 Kd6 47. a4 Kc5 48. Kg1 Ne6 49. Kxg2 Nd4 50. Bc4 Kb4 51. Kf2 Nxb3 52. Bb5 Nc5 53. Ke2 Nxa4 54. Be8 Nc3+ 55. Kd2 a5 56. Kc2 a4 57. Kb2 a3+ 58. Ka1 Nd5 59. Bg6 b5 60. Bb1 Kc3 61. Ba2 Nb4 62. Bb1 Nc2+ 63. Ka2 b4 64. Bxc2 Kxc2 65. Ka1 a2 66. Kxa2 b3+ 67. Ka3 b2 68. Kb4 b1Q+ 69. Kc5 Kd3 70. Kd5 Qb5+ 71. Ke6 Ke4 72. Kd6 Qd5+ 73. Ke7 Qc6 74. Kf7 Kf5 75. Ke7 Qc7+ 76. Kf8 Kf6 77. Kg8 Qg7# 0-1